| 000 | 02281cam a22005174i 4500 | ||
|---|---|---|---|
| 003 | PE-LiUPU | ||
| 005 | 20250731172728.0 | ||
| 008 | 150617s1985 ag r 000 0 spa d | ||
| 020 | _a950090554X | ||
| 035 | _a(Sirsi) i9789500905541 | ||
| 040 |
_aPE-LiUPU _bspa _cPE-LiUPU _erda |
||
| 049 | _aPRUA | ||
| 082 | 0 | 4 |
_a231.74 _bBV / 12 _221 |
| 100 | 1 |
_aTerrinoni, Ubaldo, _eautor. |
|
| 245 | 1 | 0 |
_aCantar de los cantares : _bcomentario espiritual / _cUbaldo Terrinoni. |
| 264 | 1 |
_aBuenos Aires : _bEdiciones Paulinas, _c1985. |
|
| 300 |
_a139 páginas ; _c19 centímetros. |
||
| 336 |
_atext _2rdacontent |
||
| 337 |
_aunmediated _2rdamedia |
||
| 338 |
_avolume _2rdacarrier |
||
| 490 | 0 |
_aBiblia - Vida ; _v13 |
|
| 505 | 0 | _aUna sorpresa -- ¿Podemos leer el Cantar de los Cantares? -- Estructura literaria del Cantar de los Cantares -- El Cantar de los Cantares en el marco de la historia de la salvación -- Nace el Amor -- Crece el amor en la prueba -- Cortejo nupcial y fiesta del amor -- Las durísimas pruebas en nombre del amor -- Triunfo del amor -- El gran misterio de los misterios: El amor. | |
| 526 | _aSEG42 | ||
| 526 | _aSEG41 | ||
| 526 | _aSEG40 | ||
| 526 | _aSEG39 | ||
| 526 | _aP94 | ||
| 526 | _aP87 | ||
| 526 | _aP86 | ||
| 526 | _aP85 | ||
| 526 | _aP77 | ||
| 526 | _aP76 | ||
| 526 | _aP35 | ||
| 630 |
_aBiblia _pA.T. _pCantares _xComentarios. |
||
| 650 | 0 | 4 | _aPoesía hebrea. |
| 910 |
_ajck _bjvq _cjck _d20150616 |
||
| 942 |
_2ddc _cBOOK |
||
| 949 |
_a223.9 T41 _wDEWEY _c2 _i27698 _d2016-10-9 _e2016-10-5 _lCCODEBUL1 _mBUL _n1 _r0 _sY _tBOOK _u2015-4-21 _xTEOLOGIA _PP35 _0COMPRA _o.STAFF. Colección Teología |
||
| 949 |
_a231.74 BV / 12 _wDEWEY _c1 _i37136 _lCCODEBUL1 _mBUL _r0 _sY _tBOOK _u2015-4-21 _xTEOLOGIA _PP35 _0COMPRA _o.STAFF. Colección Teología |
||
| 994 |
_aC0 _bPEPRU |
||
| 596 | _a1 | ||
| 999 |
_a223.9 T41 _wDEWEY _c1538 _i27698 _d1538 _e2016-10-5 _f2021-11-11 _g5 _lCCODEBUL1 _mBUL _n1 _p18.00 _r0 _sY _tBOOK _u2015-4-21 _xTEOLOGIA _PP35 _0COMPRA _o.STAFF. Colección Teología |
||
| 999 |
_a231.74 BV / 12 _wDEWEY _c1 _i37136 _f2021-11-9 _g5 _lCCODEBUL1 _mBUL _p30.00 _r0 _sY _tBOOK _u2015-4-21 _xTEOLOGIA _PP35 _0COMPRA _o.STAFF. Colección Teología |
||
| 980 |
_81 _gALBERTO SANCHEZ Responsable de Automatización |
||